Normal view MARC view

Entry Personal Name

Number of records used in: 1

001 - CONTROL NUMBER

  • control field: 50097

003 - CONTROL NUMBER IDENTIFIER

  • control field: dpl

005 - DATE AND TIME OF LATEST TRANSACTION

  • control field: 20120712115814.0

008 - FIXED-LENGTH DATA ELEMENTS

  • fixed length control field: 120712|||a|||||| | ||| d

040 ## - CATALOGING SOURCE

  • Original cataloging agency: dpl
  • Transcribing agency: dpl

100 ## - HEADING--PERSONAL NAME

  • Personal name: Sengar, Shailendra

670 ## - SOURCE DATA FOUND

  • Source citation: Work cat.: (dpl)18381: Sengar, Shailendra, Encyclopaedia of great Indian personalities:, 2008

670 ## - SOURCE DATA FOUND

  • Source citation: Work cat.: (dpl)18381: Sengar, Shailendra, Encyclopaedia of great Indian personalities:, 2008

© Delhi Public Library
Hit Counter
free hit counter